| 000 | 02147cam a2200397 i 4500 | ||
|---|---|---|---|
| 001 | 18404740 | ||
| 003 | PILC | ||
| 005 | 20151105150553.0 | ||
| 008 | 141212s2015 caua b 001 0 eng d | ||
| 010 | _a 2012474807 | ||
| 020 | _a9780133858013 | ||
| 020 | _a0133858014 | ||
| 035 | _a(OCoLC)ocn876667201 | ||
| 040 |
_aBTCTA _beng _cBTCTA _erda _dBDX _dOCO _dYDXCP _dJP3 _dOCLCQ _dTXI _dDLC |
||
| 042 | _alccopycat | ||
| 050 | 0 | 0 |
_aLB 1029.G3 _b.M56 2015 |
| 082 | 0 | 4 | _a371.334 |
| 245 | 0 | 0 |
_aMinecraft in the classroom : _bideas, inspiration, and student projects for teachers / _cColin Gallagher, editor ; with Shane Asselstine, Dan Bloom, André Chercka, Adam Clark, Stephen Elford, David Lee, John Miller, Eric Walker, James York. |
| 260 |
_aUSA : _bPeachpit Press, _c2015. |
||
| 300 |
_axii, 276 pages : _bcolor illustrations ; _c23 cm |
||
| 504 | _aIncludes bibliographical references and index. | ||
| 505 | 0 | _aMinecraft in education: the basics -- Minecraft classroom projects. Teaching with Minecraft pocket edition ; Minecraft and teaching humanities ; Minecraft and teaching science ; Minecraft and teaching math ; Minecraft and language learning ; Minecraft and transdisciplinary learning ; Minecraft and special educational needs -- Minecraft, where next? Minecraft in education: the future ; Minecraft and 3D printing. | |
| 520 | _aOffers essential advice and captivating projects for using Minecraft to enhance students' learning experience. Learn how educators are using Minecraft as a powerful instructional tool to engage students and teach subjects as varied as math and humanities. | ||
| 650 | 0 | _aMinecraft (Game) | |
| 650 | 0 |
_aTeaching _xAids and devices. |
|
| 650 | 0 | _aLearning, Psychology of. | |
| 650 | 0 | _aVideo games. | |
| 700 | 1 |
_aGallagher, Colin _c(Educational technology expert), _eeditor. |
|
| 700 | 1 |
_aAsselstine, Shane, _eauthor. |
|
| 700 | 1 |
_aBloom, Dan, _eauthor. |
|
| 700 | 1 |
_aElford, Stephen, _eauthor. |
|
| 700 | 1 |
_aYork, James E. _eauthor. |
|
| 906 |
_a7 _bcbc _ccopycat _d2 _encip _f20 _gy-gencatlg |
||
| 942 |
_2lcc _cBK _kFOR |
||
| 999 |
_c288935 _d288935 |
||